000 00376nam a2200133Ia 4500
005 20260212182545.0
008 260212s9999 xx 000 0 und d
020 _a0786890053 (mass market paperback) | 9780786890057 (mass market paperback)
082 _a823 WAL
100 _aWallace, Randall.
245 0 _aPearl harbor
260 _bPenguin Books
_aLondon
_c2001
942 _cBK
999 _c8633
_d8633